|
|
|
|
| LEADER |
00000cam a2200000 7i4500 |
| 001 |
0000006136 |
| 002 |
000006626 |
| 005 |
20000330.0 |
| 020 |
|
|
|a 9839041142
|
| 090 |
0 |
0 |
|a 899.28
|b ABU
|
| 100 |
0 |
|
|a Abu Hassan Sham
|
| 245 |
1 |
0 |
|a Perbandingan Sejarah Melayu dengan Hikayat Hang Tuah
|c Abu Hassan Sham
|
| 260 |
|
|
|a Kajang :
|b Masa Enterprise ,
|c 1994
|
| 300 |
|
|
|a 113p. ;
|c 21cm.
|
| 490 |
0 |
|
|a Siri Ulasan dan Kajian Masa
|
| 650 |
0 |
0 |
|a Malay literature
|x STPM
|
| 999 |
|
|
|a 038314
|b BUKU
|c PINJAMAN
|e PERPUSTAKAAN KOMUNITI PETALING JAYA
|
| 999 |
|
|
|a 038315
|b BUKU
|c PINJAMAN
|e PERPUSTAKAAN KOMUNITI PETALING JAYA
|
| 999 |
|
|
|a 040204
|b BUKU
|c PINJAMAN
|e PERPUSTAKAAN KOMUNITI PETALING JAYA
|